| 000 | 00924nam a2200229 4500 | ||
|---|---|---|---|
| 001 | 148649 | ||
| 003 | ES-MaACL | ||
| 005 | 20231109063053.0 | ||
| 007 | t| | ||
| 008 | 070214s1976 sp r ||||1| spa d | ||
| 100 | 1 |
_aSuárez, Adolfo, _d1932-2014 _9164828 |
|
| 245 | 1 | 3 |
_aEl derecho de asociación política : _bdiscurso de Adolfo Suárez González en las Cortes Españolas el 9 de junio de 1976 ; y texto de la ley sobre derecho de asociación política : [Ley 21/1976 de 14 de junio]. |
| 260 |
_aMadrid : _bEdiciones del Movimiento, _c1976. |
||
| 300 |
_a43 p., [4] h. de lám. ; _c21 cm. |
||
| 650 | 4 |
_aAsociaciones políticas- _zEspaña. _9171759 |
|
| 710 | 1 |
_aEspaña. _bCortes Españolas. _9171820 |
|
| 710 | 2 |
_aEdiciones del Movimiento. _9171800 |
|
| 740 | 0 | 2 | _aLey sobre derecho de asociación política. |
| 852 |
_aES-MaACL _j2101-F-20 |
||
| 852 |
_aES-MaACL _j2101-F-21 |
||
| 999 |
_c148649 _d148649 |
||